Communication policies in Costa Rica : (Record no. 33873)
[ view plain ]
| 000 -LEADER | |
|---|---|
| fixed length control field | 00766nam a2200253 a 4500 |
| 001 - CONTROL NUMBER | |
| control field | 33873 |
| 003 - CONTROL NUMBER IDENTIFIER | |
| rucl marc code | BD-RjUL |
| 005 - DATE AND TIME OF LATEST TRANSACTION | |
| control field | 20211209052055.0 |
| 008 - FIXED-LENGTH DATA ELEMENTS--GENERAL INFORMATION | |
| fixed length control field | 140511s1977 fr b i000 0 eng |
| 020 ## - INTERNATIONAL STANDARD BOOK NUMBER | |
| International Standard Book Number | 9231013483 |
| 035 ## - SYSTEM CONTROL NUMBER | |
| System control number | (BD-RjUL)33965 |
| 040 ## - CATALOGING SOURCE | |
| Original cataloging agency | LC |
| Language of cataloging | eng |
| Transcribing agency | LC |
| Modifying agency | ANL |
| -- | BD-RjUL |
| 041 ## - LANGUAGE CODE | |
| Language code of text/sound track or separate title | eng |
| 082 04 - DEWEY DECIMAL CLASSIFICATION NUMBER | |
| Classification number | 380.3097286 |
| Author mark and year | FOC 1977 |
| 100 1# - MAIN ENTRY--PERSONAL NAME | |
| Personal name | Fonseca, Jaime. |
| 9 (RLIN) | 102899 |
| 245 10 - TITLE STATEMENT | |
| Title | Communication policies in Costa Rica : |
| Remainder of title | a study / |
| Statement of responsibility, etc. | carried out by Jaime M. Fonseca. |
| 260 ## - PUBLICATION, DISTRIBUTION, ETC. (IMPRINT) | |
| Place of publication, distribution, etc. | Paris : |
| Name of publisher, distributor, etc. | Unesco, |
| Date of publication, distribution, etc. | 1977. |
| 300 ## - PHYSICAL DESCRIPTION | |
| Pagination | 89 p. ; |
| Size | 24 cm. |
| 504 ## - BIBLIOGRAPHY, ETC. NOTE | |
| Bibliography, etc | Includes bibliographical references. |
| 650 #0 - SUBJECT ADDED ENTRY--TOPICAL TERM | |
| Topical term or geographic name as entry element | Communication and traffic |
| Geographic subdivision | Costa Rica. |
| 9 (RLIN) | 102900 |
| Topical term or geographic name as entry element | Mass media |
| Geographic subdivision | Costa Rica. |
| 9 (RLIN) | 102901 |
| 942 ## - ADDED ENTRY ELEMENTS (KOHA) | |
| Source of classification or shelving scheme | Dewey Decimal Classification |
| Koha item type | Books |
| Lost status | Source of classification or shelving scheme | Damaged status | Not for loan | Collection code | Permanent Location | Current Location | Shelving location | Date acquired | Source of acquisition | Total Checkouts | Full call number | Date last seen | Copy number | Koha item type |
|---|---|---|---|---|---|---|---|---|---|---|---|---|---|---|
| Dewey Decimal Classification | Not For Loan | Non-fiction | Central Library, University of Rajshahi | Central Library, University of Rajshahi | Reading Room | 05/12/1981 | UNESCO, Gift. | 380.3097286 FOC 1977 | 11/05/2014 | C-1 | Books |